Non-legendary Pokémon without any evolution - Statistics

General Stats
  • This quiz has been taken 17 times
  • The average score is 57 of 86
Answer Stats
Generation Pokémon % Correct
1 Aerodactyl
93%
1 Ditto
93%
1 Lapras
93%
1 Tauros
87%
5 Basculin
80%
1 Farfetch'd
80%
1 Kangaskhan
80%
3 Luvdisc
80%
2 Qwilfish
80%
3 Absol
73%
5 Alomomola
73%
8 Dracovish
73%
8 Dracozolt
73%
7 Drampa
73%
2 Dunsparce
73%
5 Emolga
73%
6 Klefki
73%
3 Minun
73%
4 Pachirisu
73%
1 Pinsir
73%
3 Plusle
73%
3 Sableye
73%
5 Sawk
73%
5 Sigilyph
73%
2 Smeargle
73%
4 Spiritomb
73%
5 Throh
73%
3 Torkoal
73%
3 Tropius
73%
8 Arctovish
67%
8 Arctozolt
67%
5 Audino
67%
5 Cryogonal
67%
6 Dedenne
67%
5 Druddigon
67%
8 Duraludon
67%
5 Durant
67%
8 Eiscue
67%
6 Hawlucha
67%
5 Heatmor
67%
2 Heracross
67%
5 Maractus
67%
3 Mawile
67%
2 Miltank
67%
7 Mimikyu
67%
3 Relicanth
67%
7 Turtonator
67%
2 Unown
67%
7 Wishiwashi
67%
3 Zangoose
67%
5 Bouffalant
60%
7 Comfey
60%
2 Corsola
60%
8 Cramorant
60%
2 Delibird
60%
8 Falinks
60%
2 Girafarig
60%
3 Illumise
60%
3 Kecleon
60%
7 Komala
60%
3 Lunatone
60%
7 Minior
60%
8 Morpeko
60%
7 Pyukumuku
60%
3 Seviper
60%
2 Shuckle
60%
3 Solrock
60%
3 Spinda
60%
8 Stonjourner
60%
5 Stunfisk
60%
7 Togedemaru
60%
3 Volbeat
60%
7 Bruxish
53%
6 Carbink
53%
4 Carnivine
53%
3 Castform
53%
4 Chatot
53%
6 Furfrou
53%
8 Indeedee
53%
7 Oricorio
53%
8 Pincurchin
53%
2 Skarmory
53%
5 Victini
53%
7 Dhelmise
47%
7 Oranguru
47%
7 Passimian
47%
No matching quizzes found
Score Distribution
Percent of People with Each Score
Percentile by Number Answered
Your Score History
You have not taken this quiz